00265nam a2200085Ia 450000100070000000500170000700800410002424500810006526000330014680039920250826171018.0250824s9999 xx 000 0 und d 0aÇAL ÇENE PELİN TAŞ EVDE KORKUNÇ BİR TATİLcYASEMİN DERYA AKA bÇOCUK GEZEGENİ YAYINLARI